Online
Catalog

Recomendaciones provisionales para el diseño y construcción de sistemas de drenaje en carreteras. (Record no. 27282)

MARC details
000 -CABECERA
campo de control de longitud fija 01086nam a2200253 a 4500
001 - NÚMERO DE CONTROL
campo de control 000027790
003 - IDENTIFICADOR DEL NÚMERO DE CONTROL
campo de control DO-SdBNP
005 - FECHA Y HORA DE LA ÚLTIMA TRANSACCIÓN
campo de control 20210826160244.0
007 - CAMPO FIJO DE DESCRIPCIÓN FÍSICA--INFORMACIÓN GENERAL
campo de control de longitud fija ta
008 - DATOS DE LONGITUD FIJA--INFORMACIÓN GENERAL
campo de control de longitud fija 110404s1987 dr ab 000 0 spa
040 ## - FUENTE DE LA CATALOGACIÓN
Centro catalogador/agencia de origen DO-SdBNP
Lengua de catalogación spa
Centro/agencia transcriptor BNPHU
049 ## - FONDOS LOCALES (OCLC)
Fondos de biblioteca BNPD
082 #4 - NÚMERO DE LA CLASIFICACIÓN DECIMAL DEWEY
Número de edición 22
Número de clasificación 628.24
Número de documento/Ítem R426r
110 01 - ENTRADA PRINCIPAL--NOMBRE DE ENTIDAD CORPORATIVA
Nombre de entidad corporativa o nombre de jurisdicción como elemento de entrada República Dominicana.
Unidad subordinada Secretaría de Estado de Obras Públicas y Comunicaciones,
-- Dirección General Reglamentos y Sistemas
9 (RLIN) 54865
245 01 - MENCIÓN DE TÍTULO
Título Recomendaciones provisionales para el diseño y construcción de sistemas de drenaje en carreteras.
Resto del título M-019 /
Mención de responsabilidad, etc. Secretaría de Estado de Obras Públicas y Comunicaciones
260 ## - PUBLICACIÓN, DISTRIBUCIÓN, ETC.
Lugar de publicación, distribución, etc. Santo Domingo :
Nombre del editor, distribuidor, etc. Secretaría de estado de Obras Públicas y Comunicaciones,
Fecha de publicación, distribución, etc. 1987.
300 ## - DESCRIPCIÓN FÍSICA
Extensión 143 p. :
Otras características físicas il.; map.
Dimensiones 28 cm.
590 ## - NOTA LOCAL (RLIN)
Nota local Inventariado, 2021 / SA
650 #4 - PUNTO DE ACCESO ADICIONAL DE MATERIA--TÉRMINO DE MATERIA
9 (RLIN) 37253
Término de materia o nombre geográfico como elemento de entrada Alcanterillado
Subdivisión general Diseño y Construcción
Subdivisión geográfica República Dominicana
650 #4 - PUNTO DE ACCESO ADICIONAL DE MATERIA--TÉRMINO DE MATERIA
Término de materia o nombre geográfico como elemento de entrada Ingeniería sanitaria
Subdivisión general Alcantarillas
Subdivisión geográfica República Dominicana
9 (RLIN) 79600
700 #1 - PUNTO DE ACCESO ADICIONAL--NOMBRE DE PERSONA
Nombre de persona Veloz de Guillermo, Mireya
Término indicativo de función/relación Ingeniera
9 (RLIN) 79602
910 ## - DATOS DE OPCIÓN DEL USUARIO (OCLC)
Datos de opción del usuario Saquino
942 ## - ELEMENTOS DE PUNTO DE ACCESO ADICIONAL (KOHA)
Fuente del sistema de clasificación o colocación Dewey Decimal Classification
Tipo de ítem Koha Libro
Holdings
Estado de retiro Estado de pérdida Fuente del sistema de clasificación o colocación Restricciones de uso No para préstamo Código de colección Localización permanente Ubicación/localización actual Ubicación en estantería Fecha de adquisición Fuente de adquisición Número de inventario Total de préstamos Signatura topográfica completa Código de barras Fecha visto por última vez Precio válido a partir de Tipo de ítem Koha Nota pública Número de copia
    Dewey Decimal Classification Excluido de préstamo Excluido de préstamo Patrimonio Dominicano Biblioteca Nacional Pedro Henríquez Ureña Patrimonio Dominicano En catalogación 04.04.2011 Donado LF1   BNPHU PD 628.24 R426r 27790-10 25.06.2020 25.06.2020 Libro y Folleto Colección Patrimonio Dominicano S/A  
    Dewey Decimal Classification Excluido de préstamo Préstamo restrigido Patrimonio Dominicano Biblioteca Nacional Pedro Henríquez Ureña Patrimonio Dominicano En catalogación 03.07.2018 Donado     BNPHU PD 628.24 R426r 2021-25757 26.08.2021 26.08.2021 Libro y Folleto Colección Patrimonio Dominicano S/A e.2

Powered by Koha